<?xml version="1.0" encoding="UTF-8"?>
<record
    xmlns:xsi="http://www.w3.org/2001/XMLSchema-instance"
    xsi:schemaLocation="http://www.loc.gov/MARC21/slim http://www.loc.gov/standards/marcxml/schema/MARC21slim.xsd"
    xmlns="http://www.loc.gov/MARC21/slim">

  <leader>02780cam a2200349 a 4500</leader>
  <controlfield tag="003">EG-GiCUC</controlfield>
  <controlfield tag="005">20250223031806.0</controlfield>
  <controlfield tag="008">170916s2016    ua dh  f m    000 0 eng d</controlfield>
  <datafield tag="040" ind1=" " ind2=" ">
    <subfield code="a">EG-GiCUC</subfield>
    <subfield code="b">eng</subfield>
    <subfield code="c">EG-GiCUC</subfield>
  </datafield>
  <datafield tag="041" ind1="0" ind2=" ">
    <subfield code="a">eng</subfield>
  </datafield>
  <datafield tag="049" ind1=" " ind2=" ">
    <subfield code="a">Deposite </subfield>
  </datafield>
  <datafield tag="097" ind1=" " ind2=" ">
    <subfield code="a">M.Sc </subfield>
  </datafield>
  <datafield tag="099" ind1=" " ind2=" ">
    <subfield code="a">Cai01.11.28.M.Sc.2016.Em.U</subfield>
  </datafield>
  <datafield tag="100" ind1="0" ind2=" ">
    <subfield code="a">Eman Fouad Labib Kreolos </subfield>
  </datafield>
  <datafield tag="245" ind1="1" ind2="0">
    <subfield code="a">Umbilical cord PH and apgar score in relation to delivery time interval in cesarean Section / </subfield>
    <subfield code="c">Eman Fouad Labib Kreolos ; Supervised Dalia Ahmed Khairy Abdellatif  , Dina Mohammed Akmal  , Hala Nabil Mohammed</subfield>
  </datafield>
  <datafield tag="246" ind1="1" ind2="5">
    <subfield code="a">&#x62F;&#x631;&#x627;&#x633;&#x629; &#x62A;&#x623;&#x62B;&#x64A;&#x631; &#x627;&#x644;&#x648;&#x642;&#x62A; &#x627;&#x644;&#x645;&#x633;&#x62A;&#x63A;&#x631;&#x642; &#x644;&#x625;&#x62C;&#x631;&#x627;&#x621; &#x627;&#x644;&#x639;&#x645;&#x644;&#x64A;&#x629; &#x627;&#x644;&#x642;&#x64A;&#x635;&#x631;&#x64A;&#x629; &#x639;&#x644;&#x64A; &#x646;&#x642;&#x627;&#x637; &#x627;&#x628;&#x63A;&#x627;&#x631; &#x648;&#x62F;&#x631;&#x62C;&#x629; &#x62D;&#x645;&#x648;&#x636;&#x629; &#x627;&#x644;&#x62F;&#x645; &#x628;&#x627;&#x644;&#x62D;&#x628;&#x644; &#x627;&#x644;&#x633;&#x631;&#x64A;</subfield>
  </datafield>
  <datafield tag="260" ind1=" " ind2=" ">
    <subfield code="a">Cairo : </subfield>
    <subfield code="b">Eman Fouad Labib Kreolos , </subfield>
    <subfield code="c">2016</subfield>
  </datafield>
  <datafield tag="300" ind1=" " ind2=" ">
    <subfield code="a">117 P. : </subfield>
    <subfield code="b">charts , facsimiles ; </subfield>
    <subfield code="c">25cm</subfield>
  </datafield>
  <datafield tag="502" ind1=" " ind2=" ">
    <subfield code="a">Thesis (M.Sc.) - Cairo University - Faculty of Medicine - Department of Pediatrics</subfield>
  </datafield>
  <datafield tag="520" ind1=" " ind2=" ">
    <subfield code="a">The Apgar score system offers a standardized, effective, and convenient assessment for newborn infants. It has gained widespread application by  obstetricians all over the world for more than half a century. Umbilical artery acid base studies provide the best measure of efficacy of intrapartum intervention and is now recommended in all of risk deliveries by both the British and American Colleges of Obstetrics and Gynecology and in some centres, it is practiced routinely following all deliveries. The aim of the current study was to assess the impact of 3 time intervals of cesarean section under spinal anesthesia{u2014}induction of anesthesia to delivery (I{u2013}D), initial skin incision to delivery (S{u2013}D), and uterine incision to delivery (U{u2013}D){u2014} on Apgar score and umbilical artery PH of the newborn as the primary outcome parameter. Our study is a prospective cohort study conducted at Kasr-Al Aini Maternity Hospital from January to June 2016. The study included 250 neonates born to women who underwent cesarean section under spinal anesthesia for term single neonates (90 neonates born to healthy women, 80 neonates born to diabetic women and 80 neonates born to hypertensive women). In our study we found out that umbilical artery PH was negatively correlated  to the induction of spinal anesthesia to delivery interval</subfield>
  </datafield>
  <datafield tag="530" ind1=" " ind2=" ">
    <subfield code="a">Issued also as CD</subfield>
  </datafield>
  <datafield tag="653" ind1=" " ind2="4">
    <subfield code="a">Apgar score</subfield>
  </datafield>
  <datafield tag="653" ind1=" " ind2="4">
    <subfield code="a">Cesarean Section </subfield>
  </datafield>
  <datafield tag="653" ind1=" " ind2="4">
    <subfield code="a">Umbilical cord PH</subfield>
  </datafield>
  <datafield tag="700" ind1="0" ind2=" ">
    <subfield code="a">Dalia Ahmed Khairy Abdellatif , </subfield>
    <subfield code="e">Supervisor</subfield>
  </datafield>
  <datafield tag="700" ind1="0" ind2=" ">
    <subfield code="a">Dina Mohammed Akmal , </subfield>
    <subfield code="e">Supervisor</subfield>
  </datafield>
  <datafield tag="700" ind1="0" ind2=" ">
    <subfield code="a">Hala Nabil Mohammed , </subfield>
    <subfield code="e">Supervisor</subfield>
  </datafield>
  <datafield tag="856" ind1=" " ind2=" ">
    <subfield code="u">http://172.23.153.220/th.pdf</subfield>
  </datafield>
  <datafield tag="905" ind1=" " ind2=" ">
    <subfield code="a">Nazla</subfield>
    <subfield code="e">Revisor</subfield>
  </datafield>
  <datafield tag="905" ind1=" " ind2=" ">
    <subfield code="a">Shimaa</subfield>
    <subfield code="e">Cataloger</subfield>
  </datafield>
  <datafield tag="942" ind1=" " ind2=" ">
    <subfield code="2">ddc</subfield>
    <subfield code="c">TH</subfield>
  </datafield>
  <datafield tag="999" ind1=" " ind2=" ">
    <subfield code="c">62308</subfield>
    <subfield code="d">62308</subfield>
  </datafield>
  <datafield tag="952" ind1=" " ind2=" ">
    <subfield code="2">ddc</subfield>
    <subfield code="7">0</subfield>
    <subfield code="a">CUCL</subfield>
    <subfield code="b">cl210</subfield>
    <subfield code="d">2024-02-11</subfield>
    <subfield code="o">Cai01.11.28.M.Sc.2016.Em.U</subfield>
    <subfield code="p">01010110072458000</subfield>
    <subfield code="r">2023-09-22 00:00:00</subfield>
    <subfield code="y">TH</subfield>
  </datafield>
  <datafield tag="952" ind1=" " ind2=" ">
    <subfield code="2">ddc</subfield>
    <subfield code="7">0</subfield>
    <subfield code="a">CUCL</subfield>
    <subfield code="b">cl2u8</subfield>
    <subfield code="d">2024-02-11</subfield>
    <subfield code="o">Cai01.11.28.M.Sc.2016.Em.U</subfield>
    <subfield code="p">01020110072458000</subfield>
    <subfield code="r">2023-09-22 00:00:00</subfield>
    <subfield code="t">72458.CD     </subfield>
    <subfield code="y">CD</subfield>
  </datafield>
</record>
